[Event "European Youth Chess Championship G10"]
[Site "Prague, Top Hotel Prague"]
[Date "2016.08.25"]
[Round "7.15"]
[White "Butenandt, Svenja"]
[Black "Schneider, Anna"]
[Result "0-1"]
[WhiteElo "1501"]
[BlackElo "1332"]
[PlyCount "44"]
[EventDate "2016.08.18"]

1. e4 e5 2. Nf3 Nc6 3. Nc3 Nf6 4. d4 exd4 5. Nxd4 Bb4 6. Nxc6 bxc6 7. Bd3 d6 8.
O-O Ng4 9. h3 Ne5 10. Be3 Qh4 11. a3 Ba5 12. Bd4 Bb6 13. Bxb6 axb6 14. Be2 h5
15. f4 Ng4 16. hxg4 hxg4 17. Bxg4 Bxg4 18. Qe1 Qh2+ 19. Kf2 Rh3 20. Qc1 Rf3+
21. Ke1 Qg3+ 22. Kd2 Qxf4+ 0-1

[Event "European Youth Chess Championship G10"]
[Site "Prague, Top Hotel Prague"]
[Date "2016.08.25"]
[Round "7.16"]
[White "Gasparyan, Milena"]
[Black "Markus, Molli Amina"]
[Result "1/2-1/2"]
[WhiteElo "1459"]
[BlackElo "1324"]
[PlyCount "68"]
[EventDate "2016.08.18"]

1. d4 Nf6 2. Nc3 d5 3. Bg5 Bf5 4. e3 e6 5. Nf3 Be7 6. Bd3 Bxd3 7. cxd3 O-O 8.
O-O Nbd7 9. Rc1 c5 10. dxc5 Nxc5 11. d4 Nce4 12. Nxe4 Nxe4 13. Bxe7 Qxe7 14.
Nd2 Nxd2 15. Qxd2 Rac8 16. Rc2 Qd7 17. Rfc1 h6 18. h3 a6 19. Rc3 b5 20. Qc2
Rxc3 21. Qxc3 Ra8 22. Qa5 Qd8 23. Qxd8+ Rxd8 24. b4 Ra8 25. a3 a5 26. Rc5 axb4
27. axb4 Rb8 28. Kf1 Kf8 29. Ke2 Ke8 30. Kf3 Ke7 31. e4 dxe4+ 32. Kxe4 Kd6 33.
g4 g6 34. Kf4 f5 1/2-1/2

[Event "European Youth Chess Championship G10"]
[Site "Prague, Top Hotel Prague"]
[Date "2016.08.25"]
[Round "7.17"]
[White "Poliato, Irina"]
[Black "Alimova, Dana"]
[Result "1-0"]
[WhiteElo "1280"]
[BlackElo "1451"]
[PlyCount "103"]
[EventDate "2016.08.18"]

1. d4 d5 2. c4 e6 3. Nc3 Nf6 4. Bg5 Nbd7 5. e3 c6 6. Nf3 Qa5 7. cxd5 cxd5 8.
Bd3 Bb4 9. Qc2 Ne4 10. Rc1 Qxa2 11. O-O Bxc3 12. bxc3 Qxc2 13. Rxc2 Ndf6 14. c4
Nxg5 15. Nxg5 h6 16. Nf3 O-O 17. c5 Bd7 18. Rb2 Bc6 19. Ne5 Rab8 20. Rfb1 Rbc8
21. Nxc6 bxc6 22. Rb7 Ra8 23. Ra1 Rfb8 24. Rbxa7 Rxa7 25. Rxa7 Ne8 26. Ra6 Rc8
27. Rb6 Nf6 28. Ba6 Rc7 29. Rb7 Rc8 30. Ra7 Rb8 31. Bb7 Ne4 32. Ra8 Rxa8 33.
Bxa8 Kf8 34. Bxc6 Ke7 35. Bb5 Nc3 36. Bd3 Na2 37. Kf1 Nc1 38. Bc2 Kd7 39. Ke1
Kc7 40. Kd2 Na2 41. Bd3 Nb4 42. Bb5 f6 43. Kc3 Nc6 44. Bxc6 Kxc6 45. Kb4 g5 46.
g4 e5 47. h3 e4 48. Ka5 Kb7 49. Kb5 Kc7 50. c6 Kc8 51. Kc5 Kc7 52. Kxd5 1-0

[Event "European Youth Chess Championship G10"]
[Site "Prague, Top Hotel Prague"]
[Date "2016.08.25"]
[Round "7.18"]
[White "Kucharska, Helena"]
[Black "Denic, Hana"]
[Result "1/2-1/2"]
[WhiteElo "1206"]
[BlackElo "1412"]
[PlyCount "158"]
[EventDate "2016.08.18"]

1. e4 e5 2. Nf3 Nc6 3. Nc3 Nf6 4. d4 exd4 5. Nxd4 Bb4 6. Nxc6 bxc6 7. Bd3 O-O
8. O-O Re8 9. Qf3 d6 10. Bg5 Re6 11. Rae1 h6 12. Bf4 d5 13. exd5 cxd5 14. Rxe6
Bxe6 15. Nb5 Ba5 16. Nd4 Qe7 17. Nxe6 Qxe6 18. Qe3 Qd7 19. Qf3 Re8 20. Bxh6 Re6
21. Be3 a6 22. Qf5 Qd6 23. Bd4 Ne4 24. Bxe4 Rxe4 25. c3 c6 26. f3 Re2 27. Qc8+
Qd8 28. Qxd8+ Bxd8 29. Rb1 Bf6 30. Bxf6 gxf6 31. Kf1 Rc2 32. h4 c5 33. Rd1 Rxb2
34. Rxd5 Rxa2 35. Rxc5 a5 36. Rc8+ Kg7 37. Ra8 Rc2 38. Rxa5 Rxc3 39. Ra4 Rc5
40. Rg4+ Kh6 41. Ke2 Rh5 42. g3 Re5+ 43. Re4 Rh5 44. Ke3 Kg6 45. Kf4 Rf5+ 46.
Kg4 Rh5 47. Re8 f5+ 48. Kf4 f6 49. Ra8 Kg7 50. Ra7+ Kg6 51. Ra5 Kf7 52. Rxf5
Rh8 53. Ra5 Rd8 54. g4 Rd4+ 55. Kf5 Rd7 56. f4 Rc7 57. g5 fxg5 58. fxg5 Kg7 59.
h5 Rc6 60. Re5 Rc7 61. h6+ Kh7 62. Kf6 Rc8 63. Re7+ Kg8 64. Re6 Rf8+ 65. Kg6
Rc8 66. h7+ Kh8 67. Kf7 Rc7+ 68. Re7 Rc6 69. Re6 Rc7+ 70. Re7 Rc6 71. Re8+ Kxh7
72. Re3 Rc7+ 73. Kf6 Rc6+ 74. Kf5 Rg6 75. Re4 Rg7 76. Rh4+ Kg8 77. g6 Kf8 78.
Kf6 Kg8 79. Ra4 Kh8 1/2-1/2

[Event "European Youth Chess Championship G10"]
[Site "Prague, Top Hotel Prague"]
[Date "2016.08.25"]
[Round "7.19"]
[White "Hernandez, Tellez Claudia"]
[Black "Kecskemeti, Admira Aida"]
[Result "0-1"]
[WhiteElo "1399"]
[BlackElo "1300"]
[PlyCount "116"]
[EventDate "2016.08.18"]

1. e4 c6 2. d4 d5 3. e5 g6 4. h4 h5 5. Bd3 Bg7 6. Ne2 e6 7. c3 Ne7 8. Bg5 O-O
9. Qc1 Kh7 10. Qf4 Qc7 11. Ng3 Nf5 12. Nxf5 exf5 13. Nd2 Re8 14. O-O f6 15.
exf6 Qxf4 16. Bxf4 Bxf6 17. g3 b6 18. Rfe1 Bd7 19. Rxe8 Bxe8 20. Re1 Bf7 21.
Nb3 Nd7 22. Bd6 Re8 23. Rxe8 Bxe8 24. a4 Kg7 25. Be2 Kf7 26. Kf1 Ke6 27. Bf4 c5
28. dxc5 bxc5 29. Bb5 c4 30. Nd2 Ke7 31. Bc6 Nb6 32. Bxe8 Kxe8 33. Bd6 Nxa4 34.
Ba3 Be7 35. Nb1 Bxa3 36. bxa3 d4 37. Ke2 Nxc3+ 38. Nxc3 dxc3 39. Kd1 Kd7 40.
Kc2 Kc6 41. Kxc3 Kd5 42. f3 Kc5 43. Kd2 Kd4 44. a4 c3+ 45. Ke2 Kc4 46. Kd1 Kd3
47. a5 a6 48. f4 Kc4 49. Kc2 Kb4 50. Kd3 Kb3 51. Kd4 c2 52. Kc5 c1=Q+ 53. Kb6
Kc4 54. Kxa6 Qb2 55. Ka7 Kc5 56. Ka8 Kc6 57. a6 Kc7 58. a7 Qb7# 0-1

[Event "European Youth Chess Championship G10"]
[Site "Prague, Top Hotel Prague"]
[Date "2016.08.25"]
[Round "7.20"]
[White "Ivanova, Dilyana"]
[Black "Anchikova, Olga"]
[Result "1-0"]
[WhiteElo "1382"]
[BlackElo "1283"]
[PlyCount "91"]
[EventDate "2016.08.18"]

1. e4 e6 2. d4 d5 3. Nd2 c5 4. exd5 Qxd5 5. Ngf3 cxd4 6. Bc4 Qd6 7. O-O Nf6 8.
Nb3 Nc6 9. Nbxd4 Nxd4 10. Nxd4 a6 11. Bb3 Be7 12. Re1 O-O 13. c3 Rd8 14. Bg5
Qc5 15. Bf4 Nd5 16. Bg3 b5 17. Qe2 Bb7 18. Rad1 Bg5 19. Bc2 Nf4 20. Bxf4 Bxf4
21. Be4 Bxe4 22. Qxe4 Bg5 23. Rd3 Qd5 24. Qxd5 Rxd5 25. Red1 Rad8 26. Rg3 f6
27. Re1 Re5 28. Rf1 Rdd5 29. Nc6 Bf4 30. Rh3 Rd2 31. Nxe5 Bxe5 32. Rb1 h6 33.
Kf1 Kf7 34. Ke1 Rd5 35. Rd1 Rc5 36. Rd7+ Kg6 37. Ke2 a5 38. Ke3 b4 39. cxb4
axb4 40. Rd2 Ra5 41. f4 Bc7 42. Rg3+ Kh7 43. Rd7 Ra7 44. Rdxg7+ Kh8 45. Rg8+
Kh7 46. R3g7# 1-0

[Event "European Youth Chess Championship G10"]
[Site "Prague, Top Hotel Prague"]
[Date "2016.08.25"]
[Round "7.21"]
[White "Rejniak, Zuzanna"]
[Black "Dallemura, Anna"]
[Result "1-0"]
[WhiteElo "1381"]
[BlackElo "1064"]
[PlyCount "145"]
[EventDate "2016.08.18"]

1. e4 e5 2. Nf3 Nc6 3. Bc4 Bc5 4. c3 Nf6 5. d3 a6 6. Bb3 d6 7. h3 h6 8. Nbd2
Qe7 9. Qe2 Be6 10. Bc2 Ba7 11. Nf1 O-O-O 12. Ng3 g6 13. Be3 d5 14. Bxa7 Nxa7
15. O-O Nd7 16. Ba4 f6 17. d4 Nb6 18. Bc2 Qg7 19. exd5 Bxd5 20. dxe5 Bc4 21.
exf6 Qxf6 22. Qe5 Qxe5 23. Nxe5 Bxf1 24. Nxf1 Rhe8 25. Nxg6 Nc4 26. b3 Ne5 27.
Nf4 Nac6 28. Bf5+ Kb8 29. Bc2 Ne7 30. Re1 N7c6 31. Re4 Ka7 32. Re2 Kb8 33. Ng3
Rh8 34. Nf5 Rdg8 35. Kh2 Ng6 36. Nh5 Nce5 37. Nfg7 Rf8 38. Kh1 Ka7 39. Kh2 Kb8
40. Kg3 Rhg8 41. Kh2 Ka7 42. Kg1 Kb6 43. Bxg6 Nxg6 44. Re6+ c6 45. Rxg6 Rf7 46.
Rxh6 Rfxg7 47. Nxg7 Rxg7 48. Re6 Kc7 49. h4 b5 50. h5 Kd7 51. h6 Kxe6 52. hxg7
Kf7 53. Kf1 Kxg7 54. Ke2 c5 55. a3 Kf6 56. Kd3 Ke5 57. g4 Kf4 58. f3 a5 59. c4
b4 60. a4 Ke5 61. g5 Kf5 62. f4 Ke6 63. Ke4 Kd6 64. g6 Ke7 65. Ke5 Kf8 66. f5
Kg7 67. Ke6 Kf8 68. f6 Kg8 69. g7 Kh7 70. Kf7 Kh6 71. g8=Q Kh5 72. Qg3 Kh6 73.
Qg6# 1-0

[Event "European Youth Chess Championship G10"]
[Site "Prague, Top Hotel Prague"]
[Date "2016.08.25"]
[Round "7.22"]
[White "Aydin, Gulenay"]
[Black "Li, Darina"]
[Result "1/2-1/2"]
[WhiteElo "1373"]
[BlackElo "1182"]
[PlyCount "132"]
[EventDate "2016.08.18"]

1. e4 e5 2. Nf3 Nf6 3. Nxe5 d6 4. Nf3 Nxe4 5. c4 Nc6 6. d4 Be7 7. d5 Ne5 8. Be2
O-O 9. O-O Bf5 10. Re1 Nf6 11. Nc3 Nxf3+ 12. Bxf3 Re8 13. Bf4 Bg6 14. h3 h6 15.
Rc1 Qd7 16. Qd2 Bf8 17. b3 Re7 18. Rxe7 Bxe7 19. Re1 Re8 20. Qd4 Bf8 21. Rxe8
Qxe8 22. Nb5 Qe1+ 23. Kh2 a6 24. Nxc7 Qa5 25. Na8 Qxa2 26. Qb6 Bc2 27. Qxb7
Bxb3 28. Qb8 Qa3 29. Qc8 Qb4 30. Qxa6 Bxc4 31. Qc6 Bxd5 32. Bxd5 Qxf4+ 33. Kg1
Nxd5 34. Qxd5 Qc1+ 35. Kh2 Qe1 36. f3 Qe5+ 37. Qxe5 dxe5 38. Nb6 Bc5 39. Nc4 f6
40. g4 Kf7 41. Kg3 Ke6 42. Nd2 Bb4 43. Ne4 g6 44. Kf2 f5 45. Ng3 Bd2 46. gxf5+
gxf5 47. Ke2 Bf4 48. Nh5 Bg5 49. Kd3 Kd5 50. Ng3 Ke6 51. Nh5 Bh4 52. Ng7+ Kf6
53. Ne8+ Kf7 54. Nd6+ Ke6 55. Nc4 Bg3 56. Ne3 Bf4 57. Ng2 Bg5 58. Ne1 Kd5 59.
Ng2 e4+ 60. Ke2 exf3+ 61. Kxf3 Ke5 62. Ne1 h5 63. Nd3+ Kd4 64. Nf4 Ke5 65. Nxh5
f4 66. Nxf4 Bxf4 1/2-1/2

[Event "European Youth Chess Championship G10"]
[Site "Prague, Top Hotel Prague"]
[Date "2016.08.25"]
[Round "7.24"]
[White "Cassanelli, Emma"]
[Black "Lomakina, Anzhelika"]
[Result "0-1"]
[WhiteElo "1273"]
[BlackElo "1654"]
[PlyCount "54"]
[EventDate "2016.08.18"]

1. e4 e5 2. Nf3 Nc6 3. Bc4 Bc5 4. Nc3 Nf6 5. d3 d6 6. Be3 Bb4 7. h3 Be6 8. Bb3
d5 9. exd5 Nxd5 10. Qd2 Qd7 11. Ba4 f6 12. a3 Nxe3 13. fxe3 Bc5 14. O-O-O O-O-O
15. Ne4 Bb6 16. Rhe1 Rhe8 17. Bxc6 Qxc6 18. Nc3 Rd7 19. d4 Red8 20. Ne2 Bf5 21.
h4 h6 22. Kb1 g5 23. Ng3 Bg4 24. c3 e4 25. hxg5 hxg5 26. Rc1 exf3 27. gxf3 Bxf3
0-1

[Event "European Youth Chess Championship G10"]
[Site "Prague, Top Hotel Prague"]
[Date "2016.08.25"]
[Round "7.25"]
[White "Karacsonyi, Kata"]
[Black "Malinowska, Natalia"]
[Result "1-0"]
[WhiteElo "1544"]
[BlackElo "1272"]
[PlyCount "35"]
[EventDate "2016.08.18"]

1. e4 c5 2. Nf3 d6 3. d4 cxd4 4. Nxd4 Nf6 5. Nc3 a6 6. Bc4 e6 7. Bb3 Nbd7 8. f4
Nc5 9. O-O Nfxe4 10. Nxe4 Nxe4 11. Re1 d5 12. f5 b5 13. fxe6 fxe6 14. Qh5+ g6
15. Qe5 Nf6 16. Nxe6 Bxe6 17. Qxe6+ Qe7 18. Qc6+ 1-0

[Event "European Youth Chess Championship G10"]
[Site "Prague, Top Hotel Prague"]
[Date "2016.08.25"]
[Round "7.26"]
[White "Mustafina, Yuliana"]
[Black "Melenchuk, Olga"]
[Result "1/2-1/2"]
[WhiteElo "1202"]
[BlackElo "1507"]
[PlyCount "225"]
[EventDate "2016.08.18"]

1. e4 e5 2. Nf3 Nc6 3. Bc4 Bc5 4. c3 Nf6 5. d3 h6 6. Nbd2 d6 7. Bb3 O-O 8. O-O
Bg4 9. h3 Bh5 10. Re1 Re8 11. Nf1 a6 12. Ng3 Bg6 13. Nh4 Bh7 14. Ngf5 Ne7 15.
Qf3 Bxf5 16. Nxf5 Nxf5 17. Qxf5 Qe7 18. Qg6 d5 19. Qg3 dxe4 20. Bxh6 Nh5 21.
Qg6 Qf6 22. Qxf6 Nxf6 23. Be3 Bxe3 24. Rxe3 exd3 25. Rxd3 Rad8 26. Rad1 Rxd3
27. Rxd3 Kf8 28. f3 e4 29. Re3 exf3 30. Rxf3 Re1+ 31. Rf1 Rxf1+ 32. Kxf1 b6 33.
Bc4 a5 34. Ke2 Ne4 35. Ke3 Nc5 36. b3 Ke7 37. Bd5 f6 38. c4 Kd6 39. Kd4 Nd7 40.
g4 Ne5 41. Be4 Nf7 42. Bd5 Ne5 43. Be4 g5 44. a3 Nd7 45. Bf5 Nc5 46. b4 axb4
47. axb4 Na6 48. b5 Nc5 49. Bc8 Nb3+ 50. Ke3 Nc1 51. Kd2 Na2 52. Kc2 Ke5 53.
Kb2 Nb4 54. Kc3 c5 55. bxc6 Nxc6 56. Bb7 Nd4 57. Kb4 Kf4 58. c5 bxc5+ 59. Kxc5
Ke5 60. Kc4 Ne2 61. Bc8 Nf4 62. Kc3 Nxh3 63. Kd3 Kf4 64. Ke2 Ng1+ 65. Kf2 Nf3
66. Kg2 Ne5 67. Kh3 Nd3 68. Kg2 Ne5 69. Kh3 Nf7 70. Be6 Nd6 71. Bd7 Ne4 72. Kg2
Ng3 73. Kh3 Kf3 74. Bc8 Ne4 75. Bb7 Kf4 76. Kg2 Nd6 77. Bf3 Nc4 78. Be2 Ne5 79.
Kh3 Nf3 80. Kg2 Nd2 81. Kh3 Ne4 82. Kg2 Nc3 83. Bf3 Ne4 84. Be2 Ke3 85. Ba6 Kf4
86. Bc8 Nd6 87. Bd7 Nc4 88. Kh3 Ne5 89. Bc8 Nf3 90. Kg2 Ne5 91. Kh3 Kf3 92.
Bb7+ Kf4 93. Bc8 Kf3 94. Bb7+ Kf2 95. Be4 Ke3 96. Bf5 Nd3 97. Kg3 Nf4 98. Bd7
Ng6 99. Bf5 Nh4 100. Bd7 Ke4 101. Bc6+ Ke5 102. Bd7 f5 103. gxf5 Nxf5+ 104.
Bxf5 Kxf5 105. Kf3 g4+ 106. Kg3 Kg5 107. Kg2 Kf4 108. Kf2 g3+ 109. Kg2 Kg4 110.
Kg1 Kf3 111. Kf1 g2+ 112. Kg1 Kg4 113. Kxg2 1/2-1/2

[Event "European Youth Chess Championship G10"]
[Site "Prague, Top Hotel Prague"]
[Date "2016.08.25"]
[Round "7.27"]
[White "Chachiachvili, Salome"]
[Black "Birkisdottir, Freyja"]
[Result "0-1"]
[WhiteElo "1391"]
[BlackElo "1176"]
[PlyCount "120"]
[EventDate "2016.08.18"]

1. e4 c5 2. Nc3 e6 3. f4 Nc6 4. Nf3 Qc7 5. d4 cxd4 6. Nxd4 a6 7. a4 d6 8. Nf3
Nf6 9. g3 g6 10. Bg2 Bg7 11. O-O Qb6+ 12. Kh1 O-O 13. Qxd6 Rd8 14. Qa3 Bf8 15.
Qb3 Qxb3 16. cxb3 Na5 17. b4 Bxb4 18. Na2 Nb3 19. Rb1 Nxc1 20. Rbxc1 Be7 21.
Rfe1 Ng4 22. Kg1 b6 23. h3 Nf6 24. e5 Nd5 25. Nd4 Bc5 26. Rcd1 Rb8 27. Kh2 Bb7
28. Nc2 Ba8 29. b4 Bf2 30. Re2 Nxf4 31. Rxd8+ Rxd8 32. Rxf2 Nxg2 33. Nc3 Rd3
34. Rxg2 Bxg2 35. Kxg2 Rxc3 36. Nd4 Rc4 37. Ne2 Rxb4 38. Nc3 Rb2+ 39. Kf1 Rb3
40. Ne4 b5 41. Nc5 Rxg3 42. Nxa6 bxa4 43. Nb4 Rxh3 44. Ke2 a3 45. Kd1 Rh2 46.
Nc2 a2 47. Kc1 Rxc2+ 48. Kxc2 a1=Q 49. Kd3 Qxe5 50. Kd2 Qg3 51. Ke2 Kg7 52. Kd2
Kf6 53. Ke2 Ke5 54. Kd2 Qf3 55. Kc2 Qe3 56. Kb2 Qd3 57. Kc1 Qe2 58. Kb1 Kd4 59.
Ka1 Kc3 60. Kb1 Qb2# 0-1

[Event "European Youth Chess Championship G10"]
[Site "Prague, Top Hotel Prague"]
[Date "2016.08.25"]
[Round "7.29"]
[White "Karavitaki, Antonia"]
[Black "Donchenko, Ekaterina"]
[Result "0-1"]
[WhiteElo "1115"]
[BlackElo "1362"]
[PlyCount "104"]
[EventDate "2016.08.18"]

1. e4 e6 2. d4 d5 3. Nc3 Bb4 4. e5 c5 5. a3 Bxc3+ 6. bxc3 Ne7 7. Qg4 Qc7 8.
Qxg7 Rg8 9. Qxh7 cxd4 10. Qd3 Qxe5+ 11. Ne2 dxc3 12. Qxc3 Qxc3+ 13. Nxc3 a6 14.
Bf4 Nbc6 15. Bg3 Bd7 16. Kd2 Rc8 17. a4 a5 18. Nb5 Nf5 19. Nd6+ Nxd6 20. Bxd6
Nd4 21. Ra2 Rg4 22. f3 Rg6 23. c3 Nf5 24. Bf4 Ke7 25. Rb2 Bc6 26. g4 Nd6 27.
Kc1 Bxa4 28. Bxd6+ Kxd6 29. Rxb7 Rxc3+ 30. Kd2 Rxf3 31. Ra7 Rxg4 32. Rxa5 Rd4+
33. Kc1 Rc3+ 34. Kb2 Rc7 35. Bh3 Bd7 36. Rf1 Be8 37. Rc1 Rd2+ 38. Kb1 Rb7+ 39.
Ka1 Rxh2 40. Bf1 Rh1 41. Rd1 Rh4 42. Ra6+ Kc7 43. Rc1+ Kb8 44. Rb1 Rxb1+ 45.
Kxb1 Rh1 46. Rb6+ Kc7 47. Rb2 Rxf1+ 48. Kc2 Rf2+ 49. Kc3 Rxb2 50. Kxb2 Kd6 51.
Kc3 e5 52. Kd3 f5 0-1

[Event "European Youth Chess Championship G10"]
[Site "Prague, Top Hotel Prague"]
[Date "2016.08.25"]
[Round "7.30"]
[White "Fizerova, Lucie"]
[Black "Portero, Bravo Aitana"]
[Result "0-1"]
[WhiteElo "1338"]
[BlackElo "1228"]
[PlyCount "154"]
[EventDate "2016.08.18"]

1. e4 d6 2. d4 Nf6 3. Nc3 e5 4. dxe5 dxe5 5. Qxd8+ Kxd8 6. Bg5 Be7 7. O-O-O+
Nbd7 8. Nf3 Ke8 9. Nb5 Bd8 10. Bxf6 gxf6 11. Bc4 a6 12. Nc3 c6 13. Rd2 b5 14.
Bb3 a5 15. a3 Nc5 16. Ba2 b4 17. Nb1 Nxe4 18. Re2 Nc5 19. Rd1 Be7 20. Rde1 Bg4
21. h3 Bxf3 22. gxf3 Rg8 23. Nd2 bxa3 24. bxa3 Na4 25. Re3 Bc5 26. Rd3 Bxf2 27.
Re2 Rg1+ 28. Nf1 Rxf1+ 29. Kd2 Bd4 30. Rxd4 Nb6 31. Rd6 Nd7 32. Rxc6 Rxf3 33.
Bd5 Rxh3 34. Rd6 Ra7 35. Be4 h5 36. Kc1 Rh4 37. Bc6 Ke7 38. Red2 Rd4 39. R2xd4
exd4 40. Rxd4 Rc7 41. Bd5 Ne5 42. c4 Rc5 43. Kd2 Kf8 44. Ke3 Kg7 45. Re4 Kg6
46. Kd4 Rc8 47. c5 Nc6+ 48. Kc4 f5 49. Re1 f6 50. Kb5 Ne5 51. Rc1 f4 52. c6 f3
53. c7 f2 54. Bg2 Kg5 55. Kb6 Nf7 56. Kxa5 Kg4 57. Bf1 h4 58. Ba6 Nd6 59. Bxc8+
Nxc8 60. Ka6 Kg3 61. Kb7 Nd6+ 62. Kb8 Kg2 63. Rd1 f1=Q 64. Rxf1 Kxf1 65. a4 h3
66. a5 h2 67. a6 h1=Q 68. c8=Q Nxc8 69. a7 Nxa7 70. Kxa7 Qh7+ 71. Kb8 Qd7 72.
Ka8 Ke2 73. Kb8 Kd3 74. Ka8 Kc4 75. Kb8 Kb5 76. Ka8 Kb6 77. Kb8 Qb7# 0-1

[Event "European Youth Chess Championship G10"]
[Site "Prague, Top Hotel Prague"]
[Date "2016.08.25"]
[Round "7.31"]
[White "Kowalczyk, Barbara"]
[Black "Drastichova, Eliska"]
[Result "1-0"]
[WhiteElo "1100"]
[BlackElo "1287"]
[PlyCount "95"]
[EventDate "2016.08.18"]

1. e4 e5 2. Nf3 d6 3. Bc4 Be7 4. c3 Nf6 5. d3 O-O 6. Bb3 Nc6 7. O-O Bg4 8. h3
Bh5 9. Nbd2 Re8 10. Qe2 Qd7 11. Rd1 d5 12. Nf1 d4 13. g4 Bg6 14. Ba4 Qd6 15.
N1d2 Rf8 16. Nc4 Qd8 17. Bxc6 bxc6 18. Ncxe5 dxc3 19. Nxc6 Qe8 20. Nxe7+ Qxe7
21. bxc3 h6 22. a4 Qd8 23. Ne5 Bh7 24. Qa2 Qc8 25. Ba3 c5 26. Qc4 Qc7 27. Qxc5
Qb7 28. Qb5 Qxb5 29. axb5 Rfe8 30. Nc6 Re6 31. Bc5 Nd7 32. Bxa7 Bg6 33. Be3 Rc8
34. Ra7 Nf6 35. Ne7+ Kf8 36. Nxc8 Ke8 37. b6 Nd7 38. Rb1 Kf8 39. b7 Kg8 40.
b8=Q Nxb8 41. Rxb8 f6 42. Ne7+ Kh7 43. Nxg6 Kxg6 44. f4 Kh7 45. f5 Rd6 46. Raa8
g5 47. Rb7+ Rd7 48. Rxd7# 1-0

[Event "European Youth Chess Championship G10"]
[Site "Prague, Top Hotel Prague"]
[Date "2016.08.25"]
[Round "7.33"]
[White "Bashylina, Luisa"]
[Black "Ratnesan, Radha"]
[Result "1-0"]
[WhiteElo "1664"]
[BlackElo "1074"]
[PlyCount "127"]
[EventDate "2016.08.18"]

1. e4 e5 2. Nf3 Nc6 3. d4 exd4 4. Nxd4 Nf6 5. Nxc6 bxc6 6. e5 Ne4 7. Qe2 Nc5 8.
b3 Be7 9. g3 d5 10. Bg2 O-O 11. O-O Re8 12. Bb2 Qd7 13. Rd1 Qg4 14. Qxg4 Bxg4
15. Rd4 Bf5 16. c4 Nd3 17. Ba3 Bxa3 18. Nxa3 Rxe5 19. f4 Re1+ 20. Rxe1 Nxe1 21.
Bh1 dxc4 22. Bxc6 Rb8 23. Rxc4 Bd3 24. Rc1 Nc2 25. Nxc2 Bxc2 26. Rxc2 Rd8 27.
Be4 Rd7 28. Bc6 Re7 29. Kf2 f6 30. Rd2 Kf7 31. Rd8 Ke6 32. Bd5+ Kf5 33. Kf3 g5
34. g4+ Kg6 35. f5+ Kg7 36. Ra8 c5 37. Rc8 Rd7 38. Rxc5 Re7 39. a4 Rd7 40. Be6
Rb7 41. Ke4 Kf8 42. Rc8+ Kg7 43. Kd5 Rxb3 44. Rg8+ Kh6 45. Rf8 Rb7 46. Bc8 Rc7
47. Rxf6+ Kg7 48. Rc6 Rxc6 49. Kxc6 Kf6 50. Kb7 Ke5 51. Kxa7 Kf6 52. a5 Ke5 53.
a6 Kf6 54. Kb6 Ke5 55. a7 Kf6 56. a8=Q Ke5 57. Qc6 Kf4 58. Qd5 Ke3 59. f6 Kf4
60. f7 Ke3 61. f8=Q h6 62. Qe5+ Kd3 63. Qf3+ Kc4 64. Qee4# 1-0

[Event "European Youth Chess Championship G10"]
[Site "Prague, Top Hotel Prague"]
[Date "2016.08.25"]
[Round "7.34"]
[White "Vankova, Marie"]
[Black "Gagua, Nani"]
[Result "0-1"]
[WhiteElo "1162"]
[BlackElo "1382"]
[PlyCount "82"]
[EventDate "2016.08.18"]

1. e4 c5 2. Nf3 e6 3. d4 cxd4 4. Nxd4 Nf6 5. Nc3 Nc6 6. Be3 Bb4 7. Bd3 d5 8.
Nxc6 bxc6 9. e5 Nd7 10. Qg4 Bf8 11. Bd4 c5 12. Be3 Nxe5 13. Bb5+ Bd7 14. Bxd7+
Qxd7 15. Qg3 Nc4 16. b3 Nxe3 17. fxe3 d4 18. Qf3 Rc8 19. Ne2 dxe3 20. Qxe3 Be7
21. O-O Bf6 22. Rad1 Qe7 23. c3 O-O 24. Qg3 Rfd8 25. Rxd8+ Rxd8 26. Nf4 Be5 27.
Qe3 Bxf4 28. Rxf4 e5 29. Re4 f6 30. b4 cxb4 31. cxb4 Rd1+ 32. Kf2 Rb1 33. Qc3
Qb7 34. Qc4+ Kf8 35. Kf3 f5 36. Qc5+ Kg8 37. Qc4+ Kh8 38. Qc5 Qxe4+ 39. Kf2
Rb2+ 40. Kg3 Rxg2+ 41. Kh3 Qg4# 0-1

[Event "European Youth Chess Championship G10"]
[Site "Prague, Top Hotel Prague"]
[Date "2016.08.25"]
[Round "7.36"]
[White "Pshevskaya, Yana"]
[Black "Sergejeva, Sofija"]
[Result "1/2-1/2"]
[WhiteElo "1362"]
[BlackElo "1191"]
[PlyCount "114"]
[EventDate "2016.08.18"]

1. e4 d5 2. exd5 Qxd5 3. Nc3 Qd8 4. Bc4 Nf6 5. Nf3 Nc6 6. h3 e6 7. d3 Be7 8.
Bf4 O-O 9. O-O h6 10. Re1 Nd5 11. Bd2 Nb6 12. Bb3 Bc5 13. Ne4 Qe7 14. Bf4 Bd6
15. Bd2 e5 16. Bc3 Kh8 17. Nxd6 cxd6 18. d4 f6 19. Qd2 Qd8 20. dxe5 dxe5 21.
Rad1 Qe8 22. Qe2 Qg6 23. Qe4 Bf5 24. Qh4 Bxc2 25. Bxc2 Qxc2 26. Qe4 Qxe4 27.
Rxe4 Rfd8 28. Ree1 Nd5 29. Nh4 g5 30. Nf5 Nxc3 31. bxc3 Kh7 32. Nd6 Rd7 33. Ne4
Rf7 34. Rd2 Kg6 35. Red1 b6 36. Rd7 Rxd7 37. Rxd7 Na5 38. Rd6 Rf8 39. Rd7 Rf7
40. Rd6 Nc4 41. Rc6 Na5 42. Rd6 Nb7 43. Rc6 Na5 44. Rd6 h5 45. f3 Nc4 46. Rc6
Ne3 47. Kf2 Nd5 48. Rd6 Ne7 49. Ke2 Nf5 50. Re6 h4 51. Kf2 Ne7 52. Nd6 Rh7 53.
Ne4 Rf7 54. Nd6 Rh7 55. Ne4 Rf7 56. Nd6 Rh7 57. Ne4 Rf7 1/2-1/2

[Event "European Youth Chess Championship G10"]
[Site "Prague, Top Hotel Prague"]
[Date "2016.08.25"]
[Round "7.37"]
[White "Trasakova, Adela"]
[Black "Deleu, Karen"]
[Result "1-0"]
[WhiteElo "1052"]
[BlackElo "1293"]
[PlyCount "52"]
[EventDate "2016.08.18"]

1. d4 d5 2. Nf3 Nf6 3. Bf4 c5 4. c3 Nc6 5. e3 e6 6. Bd3 c4 7. Bc2 Be7 8. Nbd2
O-O 9. O-O Re8 10. e4 dxe4 11. Nxe4 b6 12. Qe2 Bb7 13. Qxc4 Na5 14. Qe2 Qc8 15.
Nxf6+ Bxf6 16. Rfe1 Bxf3 17. Qxf3 Rd8 18. Be4 Rb8 19. Bxb8 Qxb8 20. Qg3 Qxg3
21. hxg3 Nc4 22. b3 Nd6 23. Rad1 Nb5 24. c4 Nxd4 25. Kf1 Nf5 26. Rxd8+ Bxd8 1-0

[Event "European Youth Chess Championship G10"]
[Site "Prague, Top Hotel Prague"]
[Date "2016.08.25"]
[Round "7.38"]
[White "Rozmanec, Pia"]
[Black "Levchenko, Marina"]
[Result "1-0"]
[WhiteElo "1094"]
[BlackElo "1240"]
[PlyCount "101"]
[EventDate "2016.08.18"]

1. e4 e5 2. Nf3 Nc6 3. Bb5 a6 4. Bxc6 dxc6 5. O-O Bd6 6. d4 exd4 7. Qxd4 f6 8.
Re1 Ne7 9. e5 Bxe5 10. Qxd8+ Kxd8 11. Nxe5 fxe5 12. Rxe5 Bf5 13. Bg5 Re8 14.
Rxf5 h6 15. Bxe7+ Rxe7 16. Nc3 Ke8 17. h3 Rd8 18. Kh2 Rdd7 19. Rd1 Rxd1 20.
Nxd1 Rd7 21. Ne3 Re7 22. Ng4 Kd7 23. Re5 Rf7 24. Re3 Kd8 25. Rf3 Re7 26. Rd3+
Kc8 27. Kg3 Rf7 28. Ne5 Re7 29. Kf4 Re6 30. Ke4 Re7 31. Rf3 Kd8 32. Rf8+ Re8
33. Rxe8+ Kxe8 34. Kf5 Kf8 35. Kg6 Kg8 36. Nd7 a5 37. Nc5 b6 38. Ne6 b5 39.
Nxc7 a4 40. Ne6 Kh8 41. Nxg7 Kg8 42. Kxh6 c5 43. Ne6 c4 44. Nd4 b4 45. g4 Kh8
46. g5 c3 47. b3 axb3 48. axb3 Kg8 49. g6 Kh8 50. g7+ Kg8 51. f4 1-0

[Event "European Youth Chess Championship G10"]
[Site "Prague, Top Hotel Prague"]
[Date "2016.08.25"]
[Round "7.43"]
[White "Deleu, Leen"]
[Black "Suarez, Gomez Paula"]
[Result "1-0"]
[WhiteElo "1130"]
[BlackElo "1011"]
[PlyCount "61"]
[EventDate "2016.08.18"]

1. c4 e5 2. e3 Nf6 3. d4 exd4 4. exd4 d6 5. h3 Bf5 6. Nc3 Nbd7 7. Bd3 Bg6 8.
Bxg6 hxg6 9. Nf3 Qe7+ 10. Qe2 O-O-O 11. Qxe7 Bxe7 12. O-O Nb6 13. Re1 Rde8 14.
b3 a6 15. Ba3 Kb8 16. c5 Nbd5 17. Nxd5 Nxd5 18. cxd6 cxd6 19. Rac1 Nf4 20. Rxe7
Ne2+ 21. Rxe2 Rxe2 22. Bxd6+ Ka7 23. Bc5+ Ka8 24. Bb6 Rxa2 25. Ng5 f6 26. Nf7
Rf8 27. d5 Rd2 28. d6 Kb8 29. Nd8 Re8 30. b4 Ka8 31. Rc8# 1-0

[Event "European Youth Chess Championship G10"]
[Site "Prague, Top Hotel Prague"]
[Date "2016.08.25"]
[Round "7.52"]
[White "Vavrinkova, Marie"]
[Black "Smetisko, Renata"]
[Result "0-1"]
[WhiteElo "1214"]
[BlackElo "1138"]
[PlyCount "48"]
[EventDate "2016.08.18"]

1. e4 e5 2. Nf3 d6 3. Bc4 h6 4. d4 exd4 5. Nxd4 Nf6 6. O-O Be7 7. Qd3 Bd7 8.
Nc3 Nc6 9. Nxc6 Bxc6 10. Nd5 Nxd5 11. exd5 Bd7 12. Qg3 Bf6 13. Re1+ Kf8 14. Qb3
g6 15. Qxb7 Kg7 16. Be3 Be5 17. Bxa7 Qh4 18. g3 Qxc4 19. Rec1 Bh3 20. b3 Qe4
21. f3 Bd4+ 22. Bxd4+ Qxd4+ 23. Kh1 Qf2 24. f4 Bg2# 0-1